| 000 | 00574 a2200181 4500 | ||
|---|---|---|---|
| 003 | OSt | ||
| 005 | 20240523123407.0 | ||
| 008 | 230819b |||||||| |||| 00| 0 eng d | ||
| 020 | _a9789352605415 | ||
| 040 | _coclc | ||
| 082 |
_a332.0954 _bBHO/P |
||
| 100 |
_aBhole, L M _91011 |
||
| 245 |
_aFINANCIAL INSTITUTIONS AND MARKETS _bStructure, growth, & innovations / _cL M Bhole and Jitendra Mahakud |
||
| 250 | _a6ED | ||
| 260 |
_aChennai: _bMc Graw Hill, _c2022. |
||
| 300 | _amultipagination | ||
| 942 |
_2ddc _cBK _h332.0954 _iBHO/F _k332.0954 _mBHO/F |
||
| 999 |
_c41899 _d41899 |
||